[Event "Dresden ZMD op"]
[Site "Dresden"]
[Date "2009.07.30"]
[Round "6"]
[White "Schaburov, Wladimir"]
[Black "Carmesin, Matthias"]
[Result "1/2-1/2"]
[WhiteElo "1990"]
[BlackElo "1794"]
[PlyCount "78"]
[EventDate "2009.07.25"]
[EventType "swiss"]
[EventRounds "9"]
[EventCountry "GER"]
[SourceTitle "CBM 131 Extra"]
[Source "ChessBase"]
[SourceDate "2009.09.03"]
[SourceVersion "2"]
[SourceVersionDate "2009.09.16"]
[SourceQuality "1"]

1. d4 Nf6 2. c4 g6 3. Nc3 d5 4. Bf4 Bg7 5. e3 0-0 6. Nf3 c5 7. Qb3 cxd4 8. Nxd4 Nh5 9. Bxb8 dxc4 10. Bxc4 Rxb8 11. Rd1 Qa5 12. 0-0 Nf6 13. a4 Bd7 14. Ra1 Qg5 15. Be2 Rfd8 16. Nf3 Qa5 17. Bc4 e6 18. Rfd1 Bc6 19. Nd4 Bd5 20. Nxd5 Nxd5 21. Qb5 Qc7 22. Rac1 Qe7 23. Nc2 Nb6 24. Be2 Nd7 25. Na3 b6 26. Rc7 a6 27. Qxa6 Nc5 28. Rxe7 Rxd1+ 29. Bxd1 Nxa6 30. Nc4 Nc5 31. Rc7 Rd8 32. Bc2 Bxb2 33. g3 Bf6 34. Nxb6 Nd3 35. Nd7 Be5 36. Nxe5 Nxe5 37. Kg2 Rd2 38. h3 Nd3 39. Bxd3 Rxd3 1/2-1/2

[Event "Berlin Lichtenrade op 04th"]
[Site "Berlin"]
[Date "2008.10.25"]
[Round "8"]
[White "Schaburov, Wladimir"]
[Black "Sawlin, Michail"]
[Result "1/2-1/2"]
[WhiteElo "1995"]
[BlackElo "2227"]
[PlyCount "109"]
[EventDate "2008.10.18"]
[EventType "swiss"]
[EventRounds "9"]
[EventCountry "GER"]
[SourceTitle "CBM 126 Extra"]
[Source "ChessBase"]
[SourceDate "2008.11.05"]
[SourceVersion "1"]
[SourceVersionDate "2008.11.05"]
[SourceQuality "1"]

1. d4 c5 2. d5 e5 3. e4 d6 4. Bb5+ Bd7 5. a4 Bxb5 6. axb5 a5 7. Be3 Nd7 8. Qd3 g6 9. f3 Bg7 10. Ne2 Ne7 11. Na3 Nb6 12. Nc3 f5 13. Bg5 h6 14. Bxe7 Qxe7 15. 0-0 0-0 16. Nc4 Nxc4 17. Qxc4 b6 18. Na4 Rab8 19. Rae1 Qh4 20. b3 h5 21. Qd3 Bh6 22. Re2 fxe4 23. Qxe4 Qg5 24. h4 Qf5 25. g3 Rf6 26. Kg2 Qd7 27. c4 Kf7 28. Qc2 Qf5 29. Qe4 Qd7 30. Rfe1 Qd8 31. Nc3 Rb7 32. Qc2 Kg7 33. Ne4 Rf8 34. Rf1 Rbf7 35. Ref2 Qd7 36. Qd3 Qe7 37. Re2 Qd7 38. Qc2 Qe7 39. Rff2 Qd7 40. Qb2 Kh7 41. Qb1 Kg7 42. Qh1 Kg8 43. Qd1 Kg7 44. Qd3 Qd8 45. Re1 Qd7 46. Rh1 Rg8 47. Rd1 Rgf8 48. Qf1 Be3 49. Rd3 Bxf2 50. Qxf2 Rf5 51. Qd2 Qe7 52. Re3 Ra8 53. Qc2 Raf8 54. Qd1 Qd8 55. Qc2 1/2-1/2